MARC

LEADER 00000nam0a2200000 4500
001 27613
005 20260121145303.0
010 |a 5891761009 
035 |a (RuTPU)RU\TPU\book\27866 
035 |a BOOK00027941 
090 |a 27613 
100 |a 20011209d2000 k y0rusy50 ca 
101 0 |a rus 
102 |a RU 
105 |a ac g 001z  
200 1 |a Отечественные действительные и почетные члены Российской Академии наук XVIII-XX вв. Геология горные науки  |f Ю. Я. Соловьев, З. А. Бессуднова, Л. Т. Пржедецкая  |g Российская академия наук, Государственный геологический музей им. В. И. Вернадского; гл. ред. Д. В. Рундквист 
210 |a Москва  |c Научный мир  |d 2000 
215 |a 548 с. 
320 |a Библиогр.: с. 523-537 
320 |a Хронологический указ. имен: с. 538-540 
320 |a Алфавитный указ. имен: с. 541-544 
606 |a Геологи  |x Персоналии  |9 83301 
606 |a Горные инженеры  |x Персоналии  |9 88456 
610 1 |a геология 
610 1 |a горное дело 
610 1 |a история 
610 1 |a Россия 
610 1 |a Российская Академия наук 
610 1 |a академики 
610 1 |a 18 век 
610 1 |a 19 век 
610 1 |a 20 век 
610 1 |a биографии 
610 1 |a справочные издания 
610 1 |a выпускники ТПУ 
675 |a 55(092)  |v 3 
675 |a 622(092)  |v 3 
700 1 |a Соловьев  |b Ю. Я.  |g Юрий Яковлевич 
701 1 |a Бессуднова  |b З. А.  |g Зоя Антоновна 
701 1 |a Пржедецкая  |b Л. Т.  |g Людмила Трофимовна 
702 1 |a Рундквист  |b Д. В.  |4 651 
712 0 2 |a Российская академия наук  |b Государственный геологический музей им. В. И. Вернадского. Музей истории Земли  |c (Москва)  |3 (RuTPU)RU\TPU\col\200  |9 23269 
801 0 |a RU  |b 63413507  |c 20011209  |g PSBO 
801 2 |a RU  |b 63413507  |c 20120704  |g PSBO 
942 |c BK